000 00514nam a2200181Ia 4500
005 20250326124639.0
008 250326s9999 xx 000 0 und d
037 _aTextbook
040 _aFMSL
_beng
_cFMSL
041 _aeng
_2eng
084 _aX:8ogD658(2:55) L9
_qFMSL
100 _aChacko G K
_9737709
245 0 _aManagement information systems
_cChacko G K
260 _aNY
_bNY, Prentice-Hall
_c1979
300 _a370p
942 _cTB
_hX:8ogD658(2:55) L9
999 _c1274563
_d1274563